[Event "Llinars del Valles op-B 8th"]
[Site "Llinars del Valles"]
[Date "2014.05.31"]
[Round "5"]
[White "Soldado Pastor, Lucas"]
[Black "Felipe Martinez, Adrian"]
[Result "0-1"]
[WhiteElo "1814"]
[BlackElo "1914"]
[PlyCount "54"]
[EventDate "2014.04.26"]
[EventType "swiss"]
[EventRounds "8"]
[EventCountry "ESP"]
[SourceTitle "EXT 2015"]
[Source "ChessBase"]
[SourceDate "2014.11.20"]
[SourceVersion "1"]
[SourceVersionDate "2014.11.20"]
[SourceQuality "1"]

1. e4 c5 2. c3 Nf6 3. e5 Nd5 4. d4 cxd4 5. cxd4 e6 6. Nf3 Nc6 7. Bc4 Nb6 8. Bb3 d6 9. 0-0 dxe5 10. dxe5 Qc7 11. Bg5 Nd7 12. Re1 Bb4 13. Re2 0-0 14. Nbd2 Ndxe5 15. Nxe5 Nxe5 16. Rc1 Nc6 17. Re4 Be7 18. Qh5 Bxg5 19. Qxg5 Qd8 20. Qe3 Qf6 21. Rc3 Ne7 22. Nf3 Nf5 23. Qf4 Bd7 24. Nd4 Rac8 25. Rxc8 Rxc8 26. Nxf5 Qxf5 27. Qe3 Qxe4 0-1

[Event "Llinars del Valles op-B 8th"]
[Site "Llinars del Valles"]
[Date "2014.05.03"]
[Round "2"]
[White "Felipe Martinez, Adrian"]
[Black "Alves Garcia, Eric"]
[Result "0-1"]
[WhiteElo "1914"]
[BlackElo "1802"]
[PlyCount "94"]
[EventDate "2014.04.26"]
[EventType "swiss"]
[EventRounds "8"]
[EventCountry "ESP"]
[SourceTitle "EXT 2015"]
[Source "ChessBase"]
[SourceDate "2014.11.20"]
[SourceVersion "1"]
[SourceVersionDate "2014.11.20"]
[SourceQuality "1"]

1. e4 c5 2. Nf3 Nc6 3. c3 g6 4. d4 cxd4 5. cxd4 d5 6. e5 Bg7 7. Nc3 f6 8. exf6 Nxf6 9. Bb5 0-0 10. 0-0 Bg4 11. Be2 a6 12. h3 Bf5 13. a3 b5 14. Bd3 Ne4 15. Be3 Rc8 16. Rc1 Nxc3 17. bxc3 Na5 18. Bxf5 Rxf5 19. a4 Nc4 20. axb5 axb5 21. Qb3 Qd7 22. Rfe1 Nxe3 23. fxe3 Qc7 24. Rc2 Qg3 25. Rf1 Rcf8 26. Rcf2 Bh6 27. e4 R5f7 28. Qxd5 Be3 29. e5 Bxf2+ 30. Rxf2 Kg7 31. e6 Rf5 32. Qe4 Qc7 33. Qe1 Rc8 34. Rc2 b4 35. c4 b3 36. Rc1 b2 37. Rb1 Rb8 38. Qc3 Kf8 39. Rxb2 Rxb2 40. Qxb2 Qxc4 41. Qb8+ Kg7 42. Qd8 Qxe6 43. Ne5 Qf6 44. Nf3 g5 45. Qd7 h5 46. d5 g4 47. hxg4 hxg4 0-1

[Event "Llinars del Valles op-B 8th"]
[Site "Llinars del Valles"]
[Date "2014.04.26"]
[Round "1"]
[White "Sanchez Saez, Salvador"]
[Black "Felipe Martinez, Adrian"]
[Result "0-1"]
[WhiteElo "1760"]
[BlackElo "1914"]
[PlyCount "98"]
[EventDate "2014.04.26"]
[EventType "swiss"]
[EventRounds "8"]
[EventCountry "ESP"]
[SourceTitle "EXT 2015"]
[Source "ChessBase"]
[SourceDate "2014.11.20"]
[SourceVersion "1"]
[SourceVersionDate "2014.11.20"]
[SourceQuality "1"]

1. e4 c5 2. Nf3 d6 3. Bb5+ Bd7 4. Bc4 Nf6 5. e5 dxe5 6. Nxe5 e6 7. Qf3 Nc6 8. Nxd7 Qxd7 9. Bb5 Rc8 10. Nc3 a6 11. Bxc6 Rxc6 12. d3 h6 13. Ne4 Nxe4 14. Qxe4 Qd5 15. Qxd5 exd5 16. 0-0 Be7 17. Re1 Re6 18. Bd2 Kd7 19. Rxe6 fxe6 20. Re1 Bf6 21. b3 b5 22. c4 bxc4 23. dxc4 d4 24. Bf4 Ra8 25. a4 Ra7 26. Kf1 Rb7 27. Rb1 e5 28. Bd2 Kc6 29. Ke2 e4 30. h3 Re7 31. Rc1 d3+ 32. Kf1 Bd4 33. Re1 Kd7 34. Kg1 Re6 35. Be3 Bxe3 36. fxe3 Rb6 37. Rb1 a5 38. Kf1 Ke6 39. Rb2 h5 40. g3 Ke5 41. Ke1 Rf6 42. Rf2 Rf3 43. Rg2 Rxe3+ 44. Kd2 Kd4 45. h4 Rf3 46. g4 e3+ 47. Ke1 d2+ 48. Ke2 Rf2+ 49. Rxf2 exf2 0-1

[Event "Cerdanyola del Valles op-B 31th"]
[Site "Cerdanyola del Valles"]
[Date "2013.??.??"]
[Round "3.8"]
[White "Felipe Martinez, Adrian"]
[Black "Sama Salinas, Alejandro"]
[Result "1-0"]
[WhiteElo "1642"]
[BlackElo "1527"]
[PlyCount "83"]
[EventDate "2013.10.05"]
[EventType "swiss"]
[EventRounds "8"]
[EventCountry "ESP"]
[SourceTitle "EXT 2024"]
[Source "ChessBase"]
[SourceDate "2023.10.10"]
[SourceVersion "1"]
[SourceVersionDate "2023.10.10"]
[SourceQuality "1"]

1. e4 e6 2. d4 d5 3. exd5 exd5 4. c4 Nf6 5. Nc3 c6 6. cxd5 Nxd5 7. Nf3 Bb4 8. Bd2 0-0 9. Nxd5 Bxd2+ 10. Qxd2 Qxd5 11. Be2 Bg4 12. 0-0 Nd7 13. b3 Nf6 14. Bc4 Qh5 15. Ne5 Rad8 16. Qf4 Qf5 17. Qe3 Nd5 18. Qg3 Bh5 19. Qh4 Bg6 20. Nxg6 hxg6 21. Rfe1 Rfe8 22. Re5 Qf6 23. Qe4 Rxe5 24. dxe5 Qe7 25. Re1 Nc3 26. Qc2 Qb4 27. e6 fxe6 28. Rxe6 Rd1+ 29. Re1+ Kh7 30. Rxd1 Nxd1 31. Qxd1 b5 32. Bd3 Qc5 33. g3 a5 34. Qc2 Qxc2 35. Bxc2 Kh6 36. Kf1 g5 37. Ke2 Kh5 38. Be4 c5 39. Bc6 b4 40. Kd3 Kg4 41. h4 gxh4 42. gxh4 1-0

[Event "Mollet del Valles op U2300 3rd"]
[Site "Mollet del Valles"]
[Date "2012.12.02"]
[Round "1"]
[White "Molano Lafuente, Ismael"]
[Black "Felipe Martinez, Adrian"]
[Result "1-0"]
[WhiteElo "2022"]
[BlackElo "1604"]
[PlyCount "71"]
[EventDate "2012.12.02"]
[EventType "swiss"]
[EventRounds "8"]
[EventCountry "ESP"]
[SourceTitle "EXT 2014"]
[Source "ChessBase"]
[SourceDate "2013.11.20"]
[SourceVersion "1"]
[SourceVersionDate "2013.11.20"]
[SourceQuality "1"]

1. f4 c5 2. Nf3 Nc6 3. e3 e6 4. b3 Nf6 5. Bb2 d5 6. Bd3 g6 7. 0-0 Bg7 8. Ne5 Nxe5 9. Bxe5 0-0 10. Qf3 Nh5 11. g4 Bxe5 12. fxe5 Ng7 13. Qf4 b6 14. Rf3 Qh4 15. Nc3 Bd7 16. Raf1 Be8 17. Rg3 Bc6 18. Nd1 Ne8 19. g5 Qxf4 20. Rxf4 Ng7 21. Rh3 Nf5 22. Nf2 Kg7 23. Ng4 Rh8 24. Bxf5 exf5 25. Nf6 h6 26. gxh6+ Rxh6 27. Rxh6 Kxh6 28. h4 Rd8 29. c3 b5 30. Kf2 a5 31. Kg3 b4 32. h5 bxc3 33. dxc3 c4 34. bxc4 dxc4 35. hxg6 Kxg6 36. Rxc4 1-0

[Event "Roncana op-B 6th"]
[Site "Santa Eulalia de Roncana"]
[Date "2012.12.01"]
[Round "8"]
[White "Boixader Arbo, Xavier"]
[Black "Felipe Martinez, Adrian"]
[Result "0-1"]
[WhiteElo "1548"]
[BlackElo "1604"]
[PlyCount "150"]
[EventDate "2012.10.06"]
[EventType "swiss"]
[EventRounds "8"]
[EventCountry "ESP"]
[SourceTitle "EXT 2024"]
[Source "ChessBase"]
[SourceDate "2023.10.10"]
[SourceVersion "1"]
[SourceVersionDate "2023.10.10"]
[SourceQuality "1"]

1. e4 e5 2. Nf3 Nc6 3. d4 exd4 4. Nxd4 Bc5 5. Be3 Qf6 6. c3 Nge7 7. g3 0-0 8. Bg2 Ne5 9. f4 Nc4 10. Bc1 Nc6 11. e5 Qd8 12. b3 Nb6 13. Be3 Nxd4 14. cxd4 Bb4+ 15. Nd2 d6 16. 0-0 dxe5 17. fxe5 Bc3 18. Rc1 Bxd4 19. Qe2 c6 20. Nf3 Bg4 21. Rcd1 Bxf3 22. Qxf3 Bxe3+ 23. Qxe3 Qe7 24. Bh3 Nd5 25. Qd4 Rfd8 26. Qf2 Nb6 27. Rde1 Rf8 28. e6 f6 29. Qc2 Rae8 30. Bf5 g6 31. Bh3 Nd5 32. Rf2 Qd6 33. Rfe2 Re7 34. Qc4 Rfe8 35. a4 f5 36. Qd4 b6 37. Qe5 Qxe5 38. Rxe5 Nc7 39. Bg2 Rxe6 40. Rxe6 Rxe6 41. Rxe6 Nxe6 42. Bxc6 Nd4 43. Bd5+ Kg7 44. Bc4 Kf6 45. Kf2 g5 46. h3 h5 47. Ke3 Ke5 48. Kf2 Ke4 49. g4 fxg4 50. hxg4 hxg4 51. Kg3 Kf5 52. b4 Ne6 53. b5 Nc5 54. Ba2 Nxa4 55. Bb1+ Ke5 56. Kxg4 Kd4 57. Kxg5 Nc3 58. Bf5 Nxb5 59. Bc8 a5 60. Be6 Nc3 61. Kf4 b5 62. Kf3 Kd3 63. Kf4 b4 64. Ke5 a4 65. Kd6 b3 66. Kc5 Ne4+ 67. Kb4 b2 68. Ba2 Nc3 69. Bg8 b1Q+ 70. Kc5 Qg1+ 71. Kb4 Qxg8 72. Kc5 a3 73. Kb4 a2 74. Kc5 a1Q 75. Kb4 Qc4# 0-1

[Event "Roncana op-B 6th"]
[Site "Santa Eulalia de Roncana"]
[Date "2012.11.17"]
[Round "6"]
[White "Martin Perez, Pau"]
[Black "Felipe Martinez, Adrian"]
[Result "1-0"]
[WhiteElo "1549"]
[BlackElo "1604"]
[PlyCount "58"]
[EventDate "2012.10.06"]
[EventType "swiss"]
[EventRounds "8"]
[EventCountry "ESP"]
[SourceTitle "EXT 2024"]
[Source "ChessBase"]
[SourceDate "2023.10.10"]
[SourceVersion "1"]
[SourceVersionDate "2023.10.10"]
[SourceQuality "1"]

1. e4 e5 2. Nf3 Nc6 3. Bb5 a6 4. Ba4 Nf6 5. 0-0 b5 6. Bb3 Be7 7. Re1 0-0 8. c3 d6 9. h3 Na5 10. Bc2 c5 11. d4 Qc7 12. d5 Rb8 13. Nbd2 Bd7 14. Nf1 b4 15. Ba4 bxc3 16. bxc3 Bb5 17. Ng3 h6 18. Bxb5 axb5 19. Nh4 Nxd5 20. exd5 Bxh4 21. Nf5 Bf6 22. Qg4 Bg5 23. Bxg5 hxg5 24. Qxg5 g6 25. h4 Qd8 26. Ne7+ Kh7 27. h5 Rg8 28. hxg6+ fxg6 29. Re3 Rg7 1-0

[Event "Roncana op-B 6th"]
[Site "Santa Eulalia de Roncana"]
[Date "2012.11.10"]
[Round "5"]
[White "Felipe Martinez, Adrian"]
[Black "Mateo Hernandez, Francesco"]
[Result "0-1"]
[WhiteElo "1604"]
[BlackElo "1598"]
[PlyCount "40"]
[EventDate "2012.10.06"]
[EventType "swiss"]
[EventRounds "8"]
[EventCountry "ESP"]
[SourceTitle "EXT 2024"]
[Source "ChessBase"]
[SourceDate "2023.10.10"]
[SourceVersion "1"]
[SourceVersionDate "2023.10.10"]
[SourceQuality "1"]

1. c4 Nf6 2. Nc3 e5 3. g3 d5 4. cxd5 Nxd5 5. Bg2 Be6 6. Qb3 Nb4 7. Qa4+ Bd7 8. Qb3 N8c6 9. a3 Nd4 10. Qd1 Nbc2+ 11. Kf1 Nxa1 12. e3 Ndb3 13. Nge2 Bc6 14. Bxc6+ bxc6 15. d4 Rb8 16. Kg2 Be7 17. Rf1 Bf6 18. Ne4 Nxc1 19. Nxc1 Qd5 20. f3 Nb3 0-1

[Event "Roncana op-B 6th"]
[Site "Santa Eulalia de Roncana"]
[Date "2012.11.03"]
[Round "4"]
[White "Folch Sampera, Enric"]
[Black "Felipe Martinez, Adrian"]
[Result "0-1"]
[WhiteElo "1587"]
[BlackElo "1604"]
[PlyCount "54"]
[EventDate "2012.10.06"]
[EventType "swiss"]
[EventRounds "8"]
[EventCountry "ESP"]
[SourceTitle "EXT 2024"]
[Source "ChessBase"]
[SourceDate "2023.10.10"]
[SourceVersion "1"]
[SourceVersionDate "2023.10.10"]
[SourceQuality "1"]

1. e4 e5 2. Nf3 Nc6 3. d4 exd4 4. Nxd4 Bc5 5. Be3 Qf6 6. c3 Nge7 7. Be2 0-0 8. 0-0 d5 9. Nxc6 Qxc6 10. Bxc5 Qxc5 11. exd5 Nxd5 12. Nd2 Rd8 13. Nb3 Qe7 14. Qc2 Qg5 15. Qd3 Nf4 16. Qf3 Bh3 17. g3 Nxe2+ 18. Qxe2 Qd5 19. f3 Bxf1 20. Qxf1 g6 21. Nd4 c5 22. Nb5 Qd2 23. Qf2 Qxf2+ 24. Kxf2 Rd2+ 25. Kg1 Rxb2 26. Nd6 Rd8 27. Rd1 Rb6 0-1

[Event "Roncana op-B 6th"]
[Site "Santa Eulalia de Roncana"]
[Date "2012.10.27"]
[Round "3"]
[White "Felipe Martinez, Adrian"]
[Black "Mostazo Torrubia, Rafael"]
[Result "1-0"]
[WhiteElo "1604"]
[BlackElo "1516"]
[PlyCount "109"]
[EventDate "2012.10.06"]
[EventType "swiss"]
[EventRounds "8"]
[EventCountry "ESP"]
[SourceTitle "EXT 2024"]
[Source "ChessBase"]
[SourceDate "2023.10.10"]
[SourceVersion "1"]
[SourceVersionDate "2023.10.10"]
[SourceQuality "1"]

1. e4 d5 2. exd5 Qxd5 3. Nc3 Qa5 4. d4 c6 5. Nf3 Nf6 6. Bd2 Qd8 7. Bc4 e6 8. 0-0 Be7 9. Re1 0-0 10. Bd3 Nbd7 11. Bg5 h6 12. Bh4 Nb6 13. Qe2 Nbd5 14. Nxd5 cxd5 15. c3 Nd7 16. Bxe7 Qxe7 17. Ne5 Nf6 18. Bc2 Rd8 19. Qd3 g6 20. Re3 Ne4 21. Rh3 Kg7 22. f3 Ng5 23. Rg3 f5 24. h4 Nf7 25. Nxg6 Qc7 26. Ne5+ Kf8 27. Qe3 Nxe5 28. Qxh6+ Ke7 29. dxe5 Qxe5 30. Qg5+ Qf6 31. Kf2 Qxg5 32. Rxg5 Bd7 33. Re1 Kd6 34. h5 Rh8 35. Rh1 Rh6 36. g4 Rf8 37. gxf5 exf5 38. Rg6+ Rxg6 39. hxg6 Rg8 40. Rg1 Rg7 41. Ke3 Ke5 42. f4+ Kf6 43. Kd4 Be6 44. Bb3 Rxg6 45. Rxg6+ Kxg6 46. Bxd5 Kf6 47. a3 b6 48. Bxe6 Kxe6 49. b3 Kd6 50. c4 Kc6 51. b4 a6 52. a4 Kd6 53. a5 Kc6 54. axb6 Kxb6 55. Ke5 1-0